000 00432cam a22001337a 4500
008 180718b1957 xxu||||| |||| 00| 0 eng d
082 _aB5x561 G689
100 _aGorvine, Albert
245 _aOrganization and functions of Turkish ministries
_cby Albert Gorvine and Lawrence L. Barber
260 _aAnkara
_bAjans Turk Matbassi
_c1957
300 _a212p.
650 _aExecutive departments --Turkey.
700 _aBarber, Lawrence L.
999 _c479549
_d479549